Best Animated Feature Annie Award Winner Quiz Stats

 Plays Quiz not verified by Sporcle

Support Sporcle.
Go Orange.
Score 0/28 Timer 10:00
0 Plays Today
Year Film % Correct
2016Zootopia
92.3%
2018Spider Man Into the Spider Verse
92.3%
1993Aladdin
86.5%
2017Coco
84.6%
1996Toy Story
82.7%
1994The Lion King
82%
1992Beauty and the Beast
78.9%
2003Finding Nemo
77.4%
2019Klaus
76.9%
2006Cars
75.9%
2000Toy Story 2
74.4%
2004The Incredibles
74.4%
2013Frozen
74.2%
2009Up
72.9%
Year Film % Correct
2001Shrek
72.2%
1998Mulan
70.7%
2010How To Train Your Dragon
67.7%
2015Inside Out
63.2%
2007Ratatouille
62.4%
1995Pocahontas
61.7%
2002Spirited Away
61.7%
2008Kung Fu Panda
61.7%
2011Rango
57.4%
2014How to Train Your Dragon 2
57.1%
2012Wreck-It Ralph
56.5%
2005Wallace & Gromit: The Curse of the Were-Rabbit
54.9%
1999The Iron Giant
42.1%
1997Cats Don't Dance
36.1%

You're not logged in!

Compare scores with friends on all Sporcle quizzes.
OR
Log In

From the Vault

Click the 'K' Cartoon Shows

by ddd62291

It doesn't have to be Saturday morning to enjoy some good cartoons.
Remove Ads.
Support Sporcle.
Get the best of Sporcle when you Go Orange. This ad-free experience offers more features, more stats, and more fun while also helping to support Sporcle. Thank you for becoming a member.

Show Comments

Extras

Top Quizzes Today


Score Distribution

Your Account Isn't Verified!

In order to create a playlist on Sporcle, you need to verify the email address you used during registration. Go to your Sporcle Settings to finish the process.

Report this User

Report this user for behavior that violates our Community Guidelines.

Details: